000 00286nam a22001337a 4500
008 170904b xxu||||| |||| 00| 0 eng d
020 _a725274801664
041 _aeng
080 _a070
100 _a40
101 _aMED
245 _aTHE KENYON REWIEW
_cCASS.W.H
942 _2udc
_cBK
999 _c26080
_d26080